LEADER 01415nam 2200445 450 001 9910554854803321 005 20220421154632.0 010 $a1-5231-4384-3 010 $a1-119-76915-9 010 $a1-119-76916-7 010 $a1-119-76917-5 035 $a(CKB)4100000011993132 035 $a(MiAaPQ)EBC6690678 035 $a(Au-PeEL)EBL6690678 035 $a(OCoLC)1264469423 035 $a(EXLCZ)994100000011993132 100 $a20220421d2021 uy 0 101 0 $aeng 135 $aurcnu|||||||| 181 $ctxt$2rdacontent 182 $cc$2rdamedia 183 $acr$2rdacarrier 200 00$aUnmanned aerial vehicles for Internet of Things (IoT) $econcepts, techniques, and applications /$fedited by Vandana Mohindru [and three others] 210 1$aHoboken, New Jersey ;$aBeverly, Massachusetts :$cJohn Wiley & Sons, Inc. :$cScrivener Publishing LLC,$d[2021] 210 4$d©2021 215 $a1 online resource (276 pages) 300 $aIncludes index. 311 $a1-119-76882-9 606 $aDrone aircraft$xControl systems 608 $aElectronic books. 615 0$aDrone aircraft$xControl systems. 676 $a629.1326 702 $aMohindru$b Vandana 801 0$bMiAaPQ 801 1$bMiAaPQ 801 2$bMiAaPQ 906 $aBOOK 912 $a9910554854803321 996 $aUnmanned aerial vehicles for Internet of Things (IoT)$92834377 997 $aUNINA LEADER 02895nas 2200781-a 450 001 9910141270603321 005 20260218111736.0 035 $a(DE-599)ZDB2587801-3 035 $a(CKB)110975506069923 035 $a(CONSER)---92640200- 035 $a(DE-599)2587801-3 035 $a(EXLCZ)99110975506069923 100 $a19830916a19809999 --- b 101 0 $ager 181 $ctxt$2rdacontent 182 $cc$2rdamedia 183 $acr$2rdacarrier 200 00$aAnnalen des Naturhistorischen Museums in Wien$hSerie A$iFür Mineralogie und Petrographie, Geologie und Paläontologie, Anthropologie und Prähistorie 210 $aWien $cNaturhistorisches Museum$d1982- 215 $a1 online resource 300 $aRefereed/Peer-reviewed 311 08$a0255-0091 517 1 $aAnnalen des Naturhistorischen Museums in Wien. 517 3 $aFür Mineralogie und Petrographie, Geologie und Paläontologie, Anthropologie und Prähistorie 517 3 $aMineralogie, Petrologie, Geologie, Paläontologie, Anthropologie, Prähistorie 531 $aNATURHISTORISCHES MUSEUM IN WIEN ANNALEN SERIE A MINERALOGIE UND PETROGRAPHIE 531 $aANN NATHIST MUS WIEN A MINERAL PETROL GEOL PALAEONTOL ARCHAEOZOOL ANTHROPOL PRAEHIST 531 0 $aAnn. Nat.hist. Mus. Wien, Ser. A, für Mineral. Petrogr., Geol. Paläontol., Anthropol. Prähist. 606 $aGeology$vPeriodicals 606 $aPaleontology$vPeriodicals 606 $aAnthropology$vPeriodicals 606 $aNatural history museums$zAustria$vPeriodicals 606 $aSciences naturelles$xMusées$zAutriche$vPériodiques 606 $aGéologie$vPériodiques 606 $aPaléontologie$vPériodiques 606 $aAnthropologie$vPériodiques 606 $aNatural history museums$2fast$3(OCoLC)fst01034350 606 $aAnthropology$2fast$3(OCoLC)fst00810196 606 $aGeology$2fast$3(OCoLC)fst00940627 606 $aPaleontology$2fast$3(OCoLC)fst01051513 606 $aAardwetenschappen$2gtt 606 $aFysische antropologie$2gtt 606 $aPrehistorie$2gtt 607 $aAustria$2fast 608 $aPeriodicals.$2fast 608 $aPeriodicals.$2lcgft 615 0$aGeology 615 0$aPaleontology 615 0$aAnthropology 615 0$aNatural history museums 615 6$aSciences naturelles$xMusées 615 6$aGéologie 615 6$aPaléontologie 615 6$aAnthropologie 615 7$aNatural history museums. 615 7$aAnthropology. 615 7$aGeology. 615 7$aPaleontology. 615 17$aAardwetenschappen. 615 17$aFysische antropologie. 615 17$aPrehistorie. 676 $a550/.5 712 02$aNaturhistorisches Museum (Austria) 906 $aJOURNAL 912 $a9910141270603321 920 $aexl_impl conversion 996 $aAnnalen des Naturhistorischen Museums in Wien$9801462 997 $aUNINA